LEADER 01269nam a2200301 a 4500 001 000000159632 003 CaOOAMICUS 005 20170323111033.0 008 170323s2013 ilua u000 u eng r 020 $a978-0-226-21513-6* 032 $aLibriCat 040 $aPUL$bita 082 04$a152.4 100 1 $aVicedo, Marga.$0(OLS)http://pul/name/102094 245 14$aThe nature and nurture of love :$bfrom imprinting to attachment in Cold War America /$cMarga Vicedo. 260 $aChicago :$bThe University of Chicago Press,$cİ2013. 300 $aix, 321 p. ;$c23 cm. 500 $aContiene indici. 504 $aBibliografia in nota. 650 4$aPsicologia dello sviluppo.$0(OLS)http://pul/subject/18705 850 $aPUL 852 $aPUL$W1$xSL Filosofia 3$y81$m152. 4 VICMA 1$j183100$qDDC 21$B186306$CPULBib$Z2$F186306 $H129187 $81 941 1 $a9 996 $6020$a978-0-226-21513-6*$9(OLS)http://pul/number/162265 996 $6082$a152.4$9(OLS)http://pul/classification/638 996 $6245$aThe nature and nurture of love :$bfrom imprinting to attachment in Cold War America$9(OLS)http://pul/title/199262 996 $6260$aChicago :$bThe University of Chicago Press$9(OLS)http://pul/publisher/57829 LEADER 01327nam a2200313 a 4500 001 000000172424 003 CaOOAMICUS 005 20190726131447.0 008 190726s2018 enk u000 u eng r 020 $z978-1-107-54594-6* 032 $aLibriCat 040 $aPUL$bita 245 04$aThe Cambridge companion to Wittgenstein /$cedited by Hans Sluga, David G. Stern. 250 $a2a ed. 260 $aCambridge :$bCambridge University Press,$cİ2018. 300 $aXI, 515 p. ;$c23 cm 490 1 $aCambridge companions to philosophy 504 $aBibliografia in nota. 600 14$aWittgenstein, Ludwig,$d1889-1951$xFilosofia.$0(OLS)http://pul/subject/2057 700 1 $aSluga, Hans.$0(OLS)http://pul/name/32670 700 1 $aStern, David G.$0(OLS)http://pul/name/32671 830 0$aCambridge companions to philosophy.$0(OLS)http://pul/title/42015 850 $aPUL 852 $aPUL$W1$xSL Filosofia 2$y80$mPhil A8 118$j196345$qStampati Altre Collocazioni$B201110$CPULBib$Z2$F201110 $H133130 $82 941 1 $a10 996 $6020$z978-1-107-54594-6*$9(OLS)http://pul/number/166506 996 $6245$aThe Cambridge companion to Wittgenstein$9(OLS)http://pul/title/60435 996 $6260$aCambridge :$bCambridge University Press$9(OLS)http://pul/publisher/50125